Riikide lipud, mis algavad tähega K - Statistics

General Stats
  • This quiz has been taken 4 times
  • The average score is 8 of 17
Answer Stats
Picture Answer % Correct
Kanada
100%
Katar
67%
Kongo Demokraatlik Vabariik
67%
Kosovo
67%
Kreeka
67%
Kambodža
33%
Kamerun
33%
Kasahstan
33%
Keenia
33%
Kesk-Aafrika Vabariik
33%
Kiribati
33%
Komoorid
33%
Kongo Vabariik
33%
Kõrgõzstan
33%
Küpros
33%
Kuuba
33%
Kuveit
33%
No matching quizzes found
Score Distribution
Percent of People with Each Score
Percentile by Number Answered
Your Score History
You have not taken this quiz